Σόδομα και Βερολίνο = Sodome et Berlin
Αποθηκεύτηκε σε:
| Κύριος συγγραφέας: | |
|---|---|
| Μορφή: | Βιβλίο |
| Γλώσσα: | Greek French |
| Δημοσίευση: |
Αθήνα :
Απόπειρα,
1992.
|
| Θέματα: | |
| Ετικέτες: |
Προσθήκη ετικέτας
Δεν υπάρχουν, Καταχωρήστε ετικέτα πρώτοι!
|
MARC
| LEADER | 00000cam a2200000 a 4500 | ||
|---|---|---|---|
| 001 | 1/124033 | ||
| 008 | 211203s1992####gr | ||| |||| ||gre|| | ||
| 020 | |a 9607034511 | ||
| 040 | |a GR-MyUa |b gre |c GR-MyUa |e AACR2 | ||
| 041 | 1 | |a gre |h fre | |
| 082 | 7 | |a 843 |2 (23) | |
| 100 | 1 | |a Goll, Yvan, |d 1891-1950. | |
| 245 | 1 | 0 | |a Σόδομα και Βερολίνο = |b Sodome et Berlin / |c Υβάν Γκολλ ; μετάφραση: Λουκάς Θεοδωρακόπουλος. |
| 246 | 1 | |i Παράλληλος τίτλος: Sodome et Berlin | |
| 260 | |a Αθήνα : |b Απόπειρα, |c 1992. | ||
| 300 | |a 166 σ. ; |c 21 εκ. | ||
| 500 | |a Τίτλος πρωτοτύπου: Sodome et Berlin. | ||
| 650 | 0 | |a French fiction. | |
| 970 | |a Κοντού |b Παρασκευή |z 03/12/2021 | ||